Cuando los gigantes aman y otros cuentos / (Record no. 12532)

MARC details
000 -CABECERA
campo de control de longitud fija 00560nam a2200193 a 4500
005 - FECHA Y HORA DE LA ÚLTIMA TRANSACCIÓN
campo de control 20220603063546.0
008 - ELEMENTOS DE LONGITUD FIJA--INFORMACIÓN GENERAL
campo de control de longitud fija 991125s1992 mx 000 0 spa u
020 ## - NÚMERO INTERNACIONAL NORMALIZADO PARA LIBROS
Número Internacional Estándar del Libro 9681639146
035 ## - NÚMERO DE CONTROL DEL SISTEMA
Número de control de sistema UPN01000012532
049 ## - COLECCIÓN
Colección I
050 #4 - SIGNATURA TOPOGRÁFICA DE LA BIBLIOTECA DEL CONGRESO
Número de clasificación PZ74 T4.48
100 1# - ASIENTO PRINCIPAL--NOMBRE PERSONAL
Nombre de persona Tegetthoff, Folke
245 10 - MENCIÓN DE TÍTULO
Título Cuando los gigantes aman y otros cuentos /
Mención de responsabilidad, etc. tr. María Ofelia Arruti
260 ## - PUBLICACIÓN, DISTRIBUCIÓN, ETC.
Lugar de publicación, distribución, etc. México :
Nombre del editor, distribuidor, etc. FCE,
Fecha de publicación, distribución, etc. 1992
300 ## - DESCRIPCIÓN FÍSICA
Extensión 102 p. :
Otras características físicas il
440 #2 - MENCIÓN DE SERIE/ASIENTO SECUNDARIO--TÍTULO
Título A la orilla del viento. Para los que leen bien;
Designación de volumen o secuencia 33
650 #4 - ASIENTO SECUNDARIO DE MATERIA - TERMINO TEMATICO
Término de materia o nombre geográfico como elemento de entrada Cuentos infantiles
9 (RLIN) 6744
905 ## - TIPO DE MATERIAL
Tipo de material Infantil
Holdings
Estado de retiro Estado de pérdida Fuente del sistema de clasificación o colocación Estado dañado No para préstamo Código de colección Localización permanente Ubicación/localización actual Ubicación en estantería Fecha de adquisición Clasificación Código de barras Fecha visto por última vez Número de copia Tipo de ítem Koha
    Library of Congress Classification     Infantil Bib. Gregorio Torres Quintero Bib. Gregorio Torres Quintero Sala infantil Planta baja 10/05/2023 PZ74 T4.48 139678 31/12/2020 1 Libro